| 000 | 00370nam a2200157Ia 4500 | ||
|---|---|---|---|
| 008 | 230917s9999||||xx |||||||||||||| ||und|| | ||
| 020 | _cRS26 | ||
| 040 |
_e11191 _aMAIN |
||
| 041 | _aEnglish | ||
| 082 | _a519.5 G643F | ||
| 100 | _aGoon, A M | ||
| 245 | 0 | _aFundamentals of statistics, V2 | |
| 260 |
_aCalcutta _bWorld Press _c1976 |
||
| 300 | _a430 p. | ||
| 942 | _cBK | ||
| 999 |
_c153396 _d153396 |
||